| 000 | 00965cab a2200181 4500 | ||
|---|---|---|---|
| 001 | ##L133291 | ||
| 008 | 060426n2006 000 0 eng u | ||
| 035 | _a(Sirsi) u133291 | ||
| 041 | 0 | _aeng | |
| 100 | 1 | _aPickard, Martin | |
| 245 | 0 | 4 | _aThe F word |
| 260 | _c2006 | ||
| 490 | 0 |
_aPremises and Facilities Management _vApril 2006, 17-19(3) |
|
| 520 | _aSome business leaders in the past have overlooked the role of the facilities manager. This article is the first of a series that highlights six reasons why facilities management is an important part of the workplace. It focuses on its contribution and the strategies used in attracting high calibre talent to work for their companies. These include creating relaxation areas and leisure spaces; benefits such as concierge services, dentists and gyms; childcare facilities, and flexible working hours. (See also L133619.) | ||
| 590 | _aIKA090506 | ||
| 690 | _aMANAGEMENT-FACILITIES MANAGEMENT | ||
| 942 | _n0 | ||
| 999 |
_c76913 _d76913 |
||